[Event "SVK-chT2D 2223"]
[Site "Slovakia"]
[Date "2022.11.13"]
[Round "4.3"]
[White "Kapec, Kristian"]
[Black "Pacholsky, Martin"]
[Result "0-1"]
[WhiteElo "1831"]
[BlackElo "1993"]
[PlyCount "62"]
[EventDate "2022.10.08"]
[EventType "team-tourn"]
[EventRounds "11"]
[EventCountry "SVK"]
[SourceTitle "EXT 2024"]
[Source "ChessBase"]
[SourceDate "2023.10.10"]
[SourceVersion "1"]
[SourceVersionDate "2023.10.10"]
[SourceQuality "1"]
[WhiteTeam "Bardejov BSK"]
[BlackTeam "Margecany"]
[WhiteTeamCountry "SVK"]
[BlackTeamCountry "SVK"]

1. e4 e6 2. Nc3 d5 3. Nf3 Nf6 4. e5 Nfd7 5. d4 Be7 6. Bd3 c5 7. Nb5 c4 8. Be2 Qa5+ 9. Nc3 b5 10. Bd2 Qb6 11. a3 Nc6 12. Be3 a5 13. 0-0 Ba6 14. Qd2 0-0 15. h4 Rfb8 16. Ng5 b4 17. axb4 axb4 18. Na4 Qc7 19. f4 Bb5 20. b3 Bxa4 21. bxa4 h6 22. Nh3 f5 23. exf6 Nxf6 24. f5 Ne4 25. Qe1 Bf6 26. fxe6 Nxd4 27. Rxf6 Nxe2+ 28. Qxe2 Nxf6 29. Nf4 Qe5 30. Rd1 Rxa4 31. Bd4 Qxf4 0-1

[Event "SVK-ch U18"]
[Site "Stara Lubovna"]
[Date "2022.05.21"]
[Round "1"]
[White "Kapec, Kristian"]
[Black "Bochnicka, Vladimir1111"]
[Result "0-1"]
[WhiteElo "1902"]
[BlackElo "2267"]
[PlyCount "74"]
[EventDate "2022.05.21"]
[EventType "swiss"]
[EventRounds "9"]
[EventCountry "SVK"]
[SourceTitle "CBM 208 Extra"]
[Source "ChessBase"]
[SourceDate "2022.07.31"]
[SourceVersion "1"]
[SourceVersionDate "2022.07.31"]
[SourceQuality "1"]

1. e4 c5 2. c3 Nf6 3. e5 Nd5 4. d4 cxd4 5. cxd4 Nc6 6. Nf3 e6 7. Nc3 d6 8. Nxd5 exd5 9. exd6 Bxd6 10. Bd3 Bg4 11. 0-0 0-0 12. Be3 Rc8 13. a3 Qf6 14. Be2 Rfe8 15. Qb3 Bf4 16. h3 Be6 17. Qxb7 Bxe3 18. fxe3 Qh6 19. Bb5 Re7 20. Qa6 Rec7 21. Rae1 Ne7 22. Bd3 Rc6 23. Qxa7 Nf5 24. Bxf5 Bxf5 25. Ne5 R6c7 26. Qa5 Be4 27. Rf2 Qg5 28. Nf3 Qg3 29. Nd2 Bxg2 30. Nf1 Bxf1+ 31. Kxf1 Qxh3+ 32. Kg1 Rc1 33. Qd2 R1c6 34. Rh2 Rg6+ 35. Rg2 Rcc6 36. Ree2 Rh6 37. Rh2 Rcg6+ 0-1

[Event "SVK-ch Amateurs"]
[Site "Topolcany"]
[Date "2021.08.08"]
[Round "5"]
[White "Kapec, Kristian"]
[Black "Kucera, Michal"]
[Result "1/2-1/2"]
[WhiteElo "1751"]
[BlackElo "1942"]
[PlyCount "68"]
[EventDate "2021.08.06"]
[EventType "swiss"]
[EventRounds "7"]
[EventCountry "SVK"]
[SourceTitle "EXT 2022"]
[Source "ChessBase"]
[SourceDate "2021.10.06"]
[SourceVersion "1"]
[SourceVersionDate "2021.10.06"]
[SourceQuality "1"]

1. e4 c5 2. d4 cxd4 3. c3 dxc3 4. Nxc3 d6 5. Nf3 Nc6 6. Bc4 e6 7. 0-0 Be7 8. Qe2 Qc7 9. Bf4 a6 10. Rfd1 Nf6 11. e5 Nh5 12. exd6 Nxf4 13. dxc7 Nxe2+ 14. Nxe2 Bd7 15. Rd2 Rc8 16. Rad1 Rxc7 17. Bd3 Bc8 18. Rc2 Rd7 19. Ned4 0-0 20. Nxc6 bxc6 21. Ne5 Rd5 22. Nxc6 Bf6 23. Nb4 Rd7 24. g3 g6 25. Be2 Rxd1+ 26. Bxd1 a5 27. Nc6 a4 28. Rd2 a3 29. bxa3 Bb7 30. Bf3 Kg7 31. Rd3 Ra8 32. Rb3 Bxc6 33. Bxc6 Ra7 34. a4 Bd8 1/2-1/2

[Event "SVK-ch Amateurs"]
[Site "Topolcany"]
[Date "2021.08.07"]
[Round "3"]
[White "Kapec, Kristian"]
[Black "Kvassay, Peter"]
[Result "0-1"]
[WhiteElo "1751"]
[BlackElo "1976"]
[PlyCount "110"]
[EventDate "2021.08.06"]
[EventType "swiss"]
[EventRounds "7"]
[EventCountry "SVK"]
[SourceTitle "EXT 2022"]
[Source "ChessBase"]
[SourceDate "2021.10.06"]
[SourceVersion "1"]
[SourceVersionDate "2021.10.06"]
[SourceQuality "1"]

1. e4 d5 2. Nf3 dxe4 3. Ng5 Nf6 4. Nc3 e5 5. Ngxe4 Nxe4 6. Nxe4 f5 7. Nc3 Be6 8. Bb5+ Nc6 9. Qe2 Qd6 10. Bxc6+ bxc6 11. b3 Be7 12. Bb2 0-0 13. 0-0 Bf6 14. Rad1 a5 15. Rfe1 Bf7 16. d3 Rfe8 17. Qf3 Bg6 18. Re2 a4 19. Rde1 Ra5 20. Nxa4 Rxa4 21. bxa4 e4 22. dxe4 fxe4 23. Qb3+ Bf7 24. Qa3 Qxa3 25. Bxa3 Bc3 26. Rb1 Bc4 27. Re3 Bd4 28. Rb4 Bxe3 29. Rxc4 Bb6 30. Rxc6 e3 31. fxe3 Rxe3 32. Bc5 Rc3 33. Rxb6 cxb6 34. Bxb6 Rxc2 35. a3 Rc4 36. a5 Ra4 37. Kf2 Rxa3 38. h4 Kf7 39. g3 Ke6 40. Kg2 Kf5 41. Kh3 g6 42. Bd8 Rd3 43. Bb6 Rb3 44. Bc7 Ra3 45. Bb6 Ra2 46. Bc7 h6 47. Bd8 Rd2 48. Bb6 Rb2 49. Bg1 Ra2 50. a6 Rxa6 51. Kg2 Kg4 52. Be3 Ra2+ 53. Bf2 h5 54. Kf1 Kf3 55. Bc5 Ra1# 0-1

[Event "Liptovsky Jan Slovak op U2200"]
[Site "Liptovsky Jan"]
[Date "2021.06.20"]
[Round "6"]
[White "Kapec, Kristian"]
[Black "Ziaran, Viliam"]
[Result "1-0"]
[WhiteElo "1770"]
[BlackElo "1903"]
[PlyCount "101"]
[EventDate "2021.06.17"]
[EventType "swiss"]
[EventRounds "7"]
[EventCountry "SVK"]
[SourceTitle "CBM 203 Extra"]
[Source "ChessBase"]
[SourceDate "2021.09.30"]
[SourceVersion "1"]
[SourceVersionDate "2021.09.30"]
[SourceQuality "1"]

1. e4 e5 2. Nf3 Nc6 3. Bc4 Nf6 4. d4 exd4 5. 0-0 Bc5 6. e5 d5 7. exf6 dxc4 8. fxg7 Rg8 9. Re1+ Be6 10. Bg5 Qd5 11. Nc3 Qf5 12. Ne4 Rxg7 13. Nh4 Qxg5 14. Nxg5 Rxg5 15. f4 Rd5 16. f5 0-0-0 17. fxe6 f6 18. Kh1 Ne5 19. Nf5 d3 20. e7 Re8 21. Ne3 Rd7 22. Nxc4 Nxc4 23. Qh5 Nd6 24. Qxc5 d2 25. Re2 Ne4 26. Qf5 Rexe7 27. Qf1 Rd5 28. Rd1 Rde5 29. Kg1 Rd5 30. Rxe4 Rxe4 31. Rxd2 Rde5 32. Qxf6 b6 33. Qh8+ Kb7 34. Qxh7 Rf4 35. g3 Rc4 36. Qd3 Rc6 37. h4 a5 38. Qf3 Ree6 39. g4 Ka6 40. h5 Rf6 41. Qg3 Rfe6 42. g5 Re7 43. h6 Rce6 44. h7 Re1+ 45. Kg2 R1e2+ 46. Rxe2 Rxe2+ 47. Qf2 Re8 48. g6 a4 49. g7 Rd8 50. g8Q Rxg8+ 51. hxg8Q 1-0

[Event "SVK-chT2D 1920"]
[Site "Slovakia"]
[Date "2020.03.07"]
[Round "10.5"]
[White "Nadzamova, Viktoria"]
[Black "Kapec, Kristian"]
[Result "1-0"]
[WhiteElo "2034"]
[BlackElo "1807"]
[PlyCount "57"]
[EventDate "2019.10.26"]
[EventType "team-tourn"]
[EventRounds "11"]
[EventCountry "SVK"]
[SourceTitle "EXT 2022"]
[Source "ChessBase"]
[SourceDate "2021.10.06"]
[SourceVersion "1"]
[SourceVersionDate "2021.10.06"]
[SourceQuality "1"]
[WhiteTeam "Kosice Slavia TU IV"]
[BlackTeam "Bardejov BSK II"]
[WhiteTeamCountry "SVK"]
[BlackTeamCountry "SVK"]

1. e4 c5 2. Nf3 Nc6 3. Bb5 g6 4. 0-0 Bg7 5. c3 a6 6. Ba4 b5 7. Bc2 d5 8. d4 cxd4 9. exd5 Qxd5 10. Bb3 Qd6 11. Ng5 Nh6 12. Ne4 Qd7 13. Qf3 Ne5 14. Nf6+ exf6 15. Qxa8 0-0 16. Qe4 dxc3 17. Nxc3 Bb7 18. Nd5 Nhg4 19. Rd1 Qe6 20. h3 f5 21. Nf6+ Qxf6 22. Qxb7 Qh4 23. hxg4 Nxg4 24. Be3 f4 25. Bc5 Qh2+ 26. Kf1 f3 27. Qxf3 Qh1+ 28. Ke2 Re8+ 29. Be3 1-0

[Event "SVK-chT2D 1920"]
[Site "Slovakia"]
[Date "2019.12.14"]
[Round "5.4"]
[White "Kapec, Kristian"]
[Black "Panko, Eduard1111"]
[Result "0-1"]
[WhiteElo "1751"]
[BlackElo "1936"]
[PlyCount "66"]
[EventDate "2019.10.26"]
[EventType "team-tourn"]
[EventRounds "11"]
[EventCountry "SVK"]
[SourceTitle "CBM 194 Extra"]
[Source "ChessBase"]
[SourceDate "2020.03.31"]
[SourceVersion "1"]
[SourceVersionDate "2020.03.31"]
[SourceQuality "1"]
[WhiteTeam "Bardejov BSK II"]
[BlackTeam "Stropkov/Svidnik"]
[WhiteTeamCountry "SVK"]
[BlackTeamCountry "SVK"]

1. e4 e6 2. Nf3 d5 3. Nc3 Nf6 4. e5 Nfd7 5. d4 Bb4 6. Bg5 Be7 7. Qd2 a6 8. Bxe7 Qxe7 9. Ne2 c5 10. c3 Nc6 11. Ng3 b5 12. Bd3 h6 13. Bc2 a5 14. 0-0 Ba6 15. a4 b4 16. Bd3 Bxd3 17. Qxd3 c4 18. Qd2 b3 19. Qf4 0-0-0 20. Nd2 Rdg8 21. Qg4 h5 22. Nxh5 f5 23. exf6 gxf6 24. Qe2 Qh7 25. Qxe6 Qxh5 26. Qxc6+ Kd8 27. Qa8+ Ke7 28. Rfe1+ Kf7 29. Qb7 Qxh2+ 30. Kf1 Qxg2+ 31. Ke2 Re8+ 32. Kd1 Rxe1+ 33. Kxe1 Re8+ 0-1

[Event "SVK-ch U16"]
[Site "Liptovsky Mikulas"]
[Date "2019.04.26"]
[Round "5"]
[White "Kossuth, Tomas"]
[Black "Kapec, Kristian"]
[Result "1/2-1/2"]
[WhiteElo "1563"]
[BlackElo "1569"]
[PlyCount "69"]
[EventDate "2019.04.23"]
[EventType "swiss"]
[EventRounds "9"]
[EventCountry "SVK"]
[SourceTitle "CBM 190 Extra"]
[Source "ChessBase"]
[SourceDate "2019.07.15"]
[SourceVersion "1"]
[SourceVersionDate "2019.07.15"]
[SourceQuality "1"]

1. e4 c5 2. Nf3 Nc6 3. d4 cxd4 4. Nxd4 g6 5. Nc3 Bg7 6. Be3 Nf6 7. Bc4 0-0 8. Bb3 a6 9. 0-0 d6 10. h3 Bd7 11. Qd2 Rc8 12. Rfe1 Na5 13. Bh6 Nxb3 14. axb3 Qc7 15. Bxg7 Kxg7 16. Rac1 Rfe8 17. Nd5 Nxd5 18. exd5 e5 19. dxe6 fxe6 20. Nf3 Bc6 21. Ng5 e5 22. c3 h6 23. Ne4 Bxe4 24. Rxe4 Rf8 25. Rd1 Rf6 26. Rc4 Qd7 27. Rxc8 Qxc8 28. Rf1 Qe6 29. b4 Qc4 30. Re1 Qf4 31. Qxf4 Rxf4 32. f3 Kf6 33. Kf2 d5 34. g3 Rc4 35. Rd1 1/2-1/2

[Event "SVK-ch U14"]
[Site "Liptovsky Mikulas"]
[Date "2018.04.22"]
[Round "2"]
[White "Kapec, Kristian"]
[Black "Bochnicka, Vladimir1111"]
[Result "0-1"]
[WhiteElo "1307"]
[BlackElo "2043"]
[PlyCount "112"]
[EventDate "2018.04.21"]
[EventType "swiss"]
[EventRounds "9"]
[EventCountry "SVK"]
[SourceTitle "CBM 184 Extra"]
[Source "ChessBase"]
[SourceDate "2018.06.28"]
[SourceVersion "1"]
[SourceVersionDate "2018.06.28"]
[SourceQuality "1"]

1. e4 c5 2. Nf3 Nc6 3. d4 cxd4 4. Nxd4 Nf6 5. Nc3 e5 6. Nf3 Bb4 7. Bd2 Bxc3 8. Bxc3 Nxe4 9. Nxe5 Nxe5 10. Qe2 Nxc3 11. Qxe5+ Qe7 12. Qxe7+ Kxe7 13. bxc3 d6 14. Bd3 Be6 15. Kd2 Rac8 16. Rhe1 Rc5 17. Re3 Rhc8 18. Be2 Kf8 19. Rb1 b6 20. Rb4 Bxa2 21. Ra4 Ra5 22. Rxa5 bxa5 23. Bb5 Be6 24. Re1 Rc5 25. c4 g6 26. Ra1 d5 27. cxd5 Bxd5 28. Bf1 Ke7 29. c4 Bxc4 30. Bxc4 Rxc4 31. Rxa5 Rc7 32. Ke3 Kd6 33. Kf4 h6 34. h4 Kc6 35. Ke5 Kb6 36. Ra2 h5 37. Kd6 Rc4 38. g3 a5 39. Ke7 Rc7+ 40. Kd6 Rc3 41. Ke7 Rf3 42. Kd6 Kb5 43. Kd5 a4 44. Ke4 Rb3 45. Kd4 a3 46. Kd5 Kb4 47. Re2 Rc3 48. Re7 Rc5+ 49. Kd4 a2 50. Re1 Ra5 51. Ra1 Kb3 52. Ke4 Kb2 53. Rxa2+ Kxa2 54. Kf3 Ra4 55. Kg2 Kb3 56. Kf3 Kc3 0-1